Normal view
MARC view
Entry Personal Name
001 - CONTROL NUMBER
- control field: 6273
003 - CONTROL NUMBER IDENTIFIER
- control field: OSt
005 - DATE AND TIME OF LATEST TRANSACTION
- control field: 20151123152522.0
008 - FIXED-LENGTH DATA ELEMENTS
- fixed length control field: 151123|| aca||aabn | a|a d
040 ## - CATALOGING SOURCE
- Original cataloging agency: OSt
- Transcribing agency: OSt
100 ## - HEADING--PERSONAL NAME
- Personal name: UNDP
670 ## - SOURCE DATA FOUND
- Source citation: Work cat.: (OSt): UNDP, Human Development report 2001:, 2001.
